Pulp Fiction IQ Test - Statistics

General Stats
  • This quiz has been taken 15 times
  • The average score is 5 of 20
Answer Stats
Hint Answer % Correct
Who directed Pulp Fiction? Quentin Tarantino
100%
What do they call do they call a Quarter Pounder with cheese in Paris? Royale with Cheese
73%
What did Jules call Tim Roth's character? (Hint: he's a Beatle) Ringo
40%
This actor makes a cameo appearance as Captain Koons Christopher Walken
33%
Who served as jury president during the 1994 Cannes Film Festival when Pulp Fiction won top prize? (Hint: "Go ahead, make my day") Clint Eastwood
27%
What Book from the Bible does Jules quote from? Ezekiel
27%
How does Mr. Wolfe like his coffee? Lots of cream, lots of sugar
27%
What is the first song played during the opening credits? (Hint: Dick Dale's "surf rock" rendition) Misirlou
27%
Name of the bartender at the club where Butch and Marcellus meet (Hint: "this is between y'all") Paul
27%
The diner bandit, Honey Bunny's, real name Yolanda
27%
What failed television pilot did Mia Wallace star in? Fox Force Five
20%
Where was Butch planning on meeting Scotty with the fight money? (Hint: birthplace of Tarantino) Knoxville
20%
What is the name of the motorcycle Butch takes at the pawn shop? Grace
13%
Name of the diner/coffee shop that is robbed in the opening and closing of the movie? Hawthorne Grill
13%
Vincent Vega's brother from Reservoir Dogs Mr. Blonde
13%
Who co-wrote the story of Pulp Fiction with Tarantino? Roger Avary
13%
Name of the production company founded by Tarantino and Bender (Hint: a play on the French New Wave classic film by Jean-Luc Godard) A Band Apart
7%
Pulp Fiction's conceptual working title (Hint: named after the seminal hardboiled crime fiction magazine) Black Mask
7%
Who was the main producer on Pulp Fiction? (Hint: makes a cameo as a victim of the diner robbery, credited as "Long Hair Yuppie-Scum") Lawrence Bender
7%
What does Jules tell Pumpkin is in the briefcase? My boss's dirty laundry
7%
No matching quizzes found
Score Distribution
Percent of People with Each Score
Percentile by Number Answered
Your Score History
You have not taken this quiz